Interatomic forces in condensed matter /

Gespeichert in:
Bibliographische Detailangaben
1. Verfasser: Finnis, Mike (Verfasst von)
Format: Buch
Sprache:Englisch
Veröffentlicht: Oxford University Press 2010
Ausgabe:1st ed.
Schriftenreihe:Oxford series on materials modelling
Schlagworte:
Tags: Tag hinzufügen
Keine Tags, Fügen Sie das erste Tag hinzu!

MARC

LEADER 00000nam a22000003a 4500
001 0098128
003 SK-STU
005 20221108143826.2
007 ta
008 221108s ----xo-----e------000-0-----d
020 |a 978-0-19-958812-1 
040 |a STU  |b slo 
041 0 |a eng 
044 |a xxk 
100 1 |a Finnis, Mike  |4 aut 
245 1 0 |a Interatomic forces in condensed matter /  |c aut. Mike Finnis 
250 |a 1st ed. 
260 |a Oxford  |b University Press  |c 2010 
300 |a 286 s. 
490 0 |a Oxford series on materials modelling 
650 0 7 |a atómová fyzika 
996 |b 284M089161  |c M* 14653-1  |l MMST  |s A  |a 24  |w 0098128_0001